ZOBECNĚNÝ PŘÍSTUP K VULKANIZACI SE DVĚMA PLATÓ

Bibliographic Details
Main Authors: Smrčková, Miroslava (Author), Ducháček, Vratislav (Author)
Format: Article
Language:Czech
ISBN:8085418304

MARC

LEADER 00000naa a2200000uu 4500
001 vtls010945648
003 SK-MaSNL
005 20260302121919.0
008 220810|1997 xo |||||||||||||||||cze|
015 |a SNBRA 
035 |a (urnnbn)urn:nbn:sk:snk:ar-a0bff1 
035 |a (uuid)50440930-9703-4edf-9e84-59b3083291a6 
035 |a urn:nbn:sk:snk-aau7lg 
040 |a SNKBUCL  |b slo  |c SNKBUCL  |e AACR2 
041 0 |a cze 
044 |a xo  |c SK 
100 1 |a Smrčková, Miroslava  |4 aut  |9 804718 
245 1 0 |a ZOBECNĚNÝ PŘÍSTUP K VULKANIZACI SE DVĚMA PLATÓ  |c Miroslava Smrčková, Vratislav Ducháček 
700 1 |a Ducháček, Vratislav  |4 aut  |9 804719 
773 0 |t Slovak Rubber Conference '97  |d Žilina : Wettrans, 1997  |g S. 144-160  |z 8085418304 
954 |a odborná, vedecká literatúra cudzojazyčná (svetová)  |2 lita 
958 |a OND 
958 |a article11 
958 |a chapter 
999 |c 1275721  |d 1277651